000 00732cab a2200253 4500
001 ABS53089
008 090401t1995 xxu||||| |||| 00| 0 eng d
035 _a(Sirsi) u1941
041 _aeng
100 _aReeds, J.
245 _aBearing up to price rise pain
260 _c1995
350 _a0
490 _aConstruction News
_v(6419) 15 June 1995, 20(1)
520 _aExamines the increase in prices for aggregates, despite plentiful supplies, and the effect of MPG6 on the industry.
650 _aAGGREGATES
650 _aMINERAL PLANNING
650 _aMINING
650 _aMINERALS PLANNING GUIDANCE NOTE SIX
650 _aSUPPLY AND DEMAND
690 _aMINING AND MINERALS
942 _n0
948 _c04/03/1997
999 _c1143
_d1143